Komentár k uplatneniu nároku na odpočet dane z obratu a dovoznej dane zo zásob pri prechode na daň z pridanej hodnoty.

Východiskové predpoklady na uplatnenie odpočtu. Pravidlá na odpočet dane zo zásob. Časové lehoty na vyrovnanie nároku na odpočet. Príklad praktického štandardného postupu a odpočtu pri tovare so spotrebnou daňou.

Salvato in:
Dettagli Bibliografici
Autore principale: Klak, J.
Natura: Capitolo di libro
Lingua:slovacco
Soggetti:
Tags: Aggiungi Tag
Nessun Tag, puoi essere il primo ad aggiungerne!!

MARC

LEADER 00000naa a2200000 4500
001 r013303
005 20221213122853.9
041 0 |a slo 
044 |a SK 
245 1 0 |a Komentár k uplatneniu nároku na odpočet dane z obratu a dovoznej dane zo zásob pri prechode na daň z pridanej hodnoty.  |c J. Klak 
520 |a Východiskové predpoklady na uplatnenie odpočtu. Pravidlá na odpočet dane zo zásob. Časové lehoty na vyrovnanie nároku na odpočet. Príklad praktického štandardného postupu a odpočtu pri tovare so spotrebnou daňou. 
610 2 0 |a dane spotrebné 
610 2 0 |a dane z obratu 
610 2 0 |a dane z hodnoty pridanej 
610 2 0 |a zásoby 
610 2 0 |a sadzby daňové 
610 2 0 |a komentáre 
100 1 |a Klak, J.